Statistics for Five Biggest Cities in Each Country - Part One

Click here to take the quiz!

General Stats

  • This quiz has been taken 394 times
    (34 since last reset)
  • The average score is 181 of 490

Answer Stats

Country#City% Correct
Afghanistan1Kabul
100%
Fiji5Ba
96%
Australia1Sydney
96%
Albania1Tirana
96%
Algeria1Algiers
93%
Australia3Brisbane
93%
Belgium1Brussels
93%
Argentina1Buenos Aires
93%
Bangladesh1Dhaka
93%
Angola1Luanda
93%
Australia2Melbourne
93%
Canada4Ottawa
93%
Australia4Perth
93%
Austria1Vienna
93%
Armenia1Yerevan
93%
Australia5Adelaide
89%
Andorra1Andorra la Vella
89%
Azerbaijan1Baku
89%
China2Beijing
89%
Botswana1Gaborone
89%
Bolivia1La Paz
89%
Bahrain1Manama
89%
Belarus1Minsk
89%
Canada2Montreal
89%
Brazil2Rio de Janeiro
89%
Bosnia and Herzegovina1Sarajevo
89%
Canada1Toronto
89%
Belgium2Antwerp
86%
Colombia1Bogotá
86%
Barbados1Bridgetown
86%
Canada3Calgary
86%
Canada5Edmonton
86%
Austria2Graz
86%
Colombia3Medellín
86%
Bahamas1Nassau
86%
Chile1Santiago
86%
Cuba2Santiago de Cuba
86%
Dominican Republic2Santiago de los Caballeros
86%
Brazil1São Paulo
86%
China1Shanghai
86%
Bulgaria1Sofia
86%
Brazil5Belo Horizonte
82%
China4Guangzhou
82%
Cuba1Havana
82%
Austria3Linz
82%
Cyprus1Nicosia
82%
Costa Rica1San José
82%
Bolivia5Sucre
82%
Croatia1Zagreb
82%
Belize1Belize City
79%
Belize5Belmopan
79%
Chad1N'djamena
79%
Cambodia1Phnom Penh
79%
Brazil3Salvador
79%
Croatia2Split
79%
Bhutan1Thimphu
79%
Greece1Athens
75%
Germany1Berlin
75%
Argentina2Córdoba
75%
India2Delhi
75%
Brazil4Fortaleza
75%
Germany5Frankfurt am Main
75%
Belgium3Ghent
75%
Finland1Helsinki
75%
Indonesia1Jakarta
75%
Belgium5Liège
75%
France2Marseille
75%
India1Mumbai
75%
France1Paris
75%
Italy1Rome
75%
Argentina3Rosario
75%
Iran1Tehran
75%
Japan1Tokyo
75%
Cameroon2Yaoundé
75%
Ghana1Accra
71%
Ethiopia1Addis Ababa
71%
Kazakhstan1Almaty
71%
Jordan1Amman
71%
Kazakhstan5Astana
71%
Iraq1Baghdad
71%
Central African Republic1Bangui
71%
Lebanon1Beirut
71%
Hungary1Budapest
71%
Egypt1Cairo
71%
China5Chengdu
71%
Germany4Cologne
71%
Ireland2Cork
71%
Ireland1Dublin
71%
Guatemala1Guatemala City
71%
Germany2Hamburg
71%
Israel1Jerusalem
71%
France3Lyon
71%
Italy2Milan
71%
Germany3Munich
71%
Kenya1Nairobi
71%
Japan3Osaka
71%
Burkina Faso1Ouagadougou
71%
Iceland1Reykjavik
71%
Latvia1Riga
71%
Antigua and Barbuda1Saint John's
71%
El Salvador1San Salvador
71%
China3Shenzhen
71%
Israel2Tel Aviv
71%
Greece2Thessaloniki
71%
Egypt2Alexandria
68%
Brunei1Bandar Seri Begawan
68%
India3Bangalore
68%
Colombia2Cali
68%
Bangladesh2Chattogram
68%
Guyana1Georgetown
68%
Burundi3Gitega
68%
India4Hyderabad
68%
Jamaica1Kingston
68%
Democratic Republic of the Congo1Kinshasa
68%
Italy3Naples
68%
France5Nice
68%
Algeria3Oran
68%
Italy5Palermo
68%
Bulgaria2Plovdiv
68%
Haiti1Port-au-Prince
68%
Benin4Porto-Novo
68%
Cabo Verde1Praia
68%
Kosovo1Pristina
68%
Ecuador2Quito
68%
Cabo Verde5Santa Cruz
68%
Bolivia3Santa Cruz de la Sierra
68%
Estonia1Tallinn
68%
Georgia1T'bilisi
68%
India5Ahmedabad
64%
Gambia4Banjul
64%
Denmark1Copenhagen
64%
Benin1Cotonou
64%
Cameroon1Douala
64%
Albania2Durrës
64%
Comoros1Moroni
64%
Japan4Nagoya
64%
Czech Republic1Prague
64%
Dominican Republic1Santo Domingo
64%
Japan5Sapporo
64%
France4Toulouse
64%
Italy4Turin
64%
Ivory Coast1Abidjan
61%
Colombia4Barranquilla
61%
Kyrgyzstan1Bishkek
61%
Guinea2Conakry
61%
East Timor1Dili
61%
Israel3Haifa
61%
Argentina4Mendoza
61%
Kenya2Mombasa
61%
Indonesia2Surabaya
61%
Bulgaria3Varna
61%
Guinea-Bissau1Bissau
57%
Czech Republic2Brno
57%
Belgium4Charleroi
57%
Belarus2Homyel'
57%
Afghanistan2Kandahar
57%
Gabon1Libreville
57%
Ireland3Limerick
57%
Liberia1Monrovia
57%
Fiji1Suva
57%
Finland5Turku
57%
Laos1Vientiane
57%
Denmark4Aalborg
54%
Burundi1Bujumbura
54%
Hungary2Debrecen
54%
Finland2Espoo
54%
Egypt3Giza
54%
Equatorial Guinea2Malabo
54%
Lesotho1Maseru
54%
Iraq3Mosul
54%
Finland3Tampere
54%
Honduras1Tegucigalpa
54%
Japan2Yokohama
54%
Eritrea1Asmara
50%
Bosnia and Herzegovina2Banja Luka
50%
Ecuador1Guayaquil
50%
Iran3Isfahan
50%
Iran2Mashhad
50%
Eswatini2Mbabane
50%
Croatia3Rijeka
50%
Indonesia4Bandung
46%
Colombia5Cartagena
46%
Ireland4Galway
46%
Afghanistan4Herat
46%
Ghana2Kumasi
46%
Cyprus2Limassol
46%
Indonesia3Medan
46%
Dominica1Roseau
46%
Grenada1Saint George's
46%
Kiribati1Tarawa
46%
Estonia2Tartu
46%
Latvia2Daugavpils
43%
Denmark3Odense
43%
Greece3Patras
43%
El Salvador4San Miguel
43%
Argentina5San Miguel de Tucumán
43%
Denmark2Arhus
39%
Iraq2Basrah
39%
Bulgaria4Burgas
39%
Iraq4Erbil
39%
Kyrgyzstan3Jalal-Abad
39%
Afghanistan5Jalalabad
39%
Egypt5Port Said
39%
Belize3San Pedro
39%
Ivory Coast5San-Pédro
39%
Chile3Antofagasta
36%
Cuba3Camagüey
36%
Algeria5Constantine
36%
Djibouti1Djibouti City
36%
Botswana2Francistown
36%
Bahamas3Freeport
36%
Cuba5Guantanamo
36%
Democratic Republic of the Congo2Lubumbashi
36%
Bosnia and Herzegovina5Mostar
36%
Czech Republic3Ostrava
36%
Iran5Tabriz
36%
Lebanon2Tripoli
36%
Croatia5Zadar
36%
Equatorial Guinea1Bata
32%
Angola5Benguela
32%
Burkina Faso2Bobo-Dioulasso
32%
Bolivia4Cochabamba
32%
Bolivia2El Alto
32%
Democratic Republic of the Congo3Mbuji-Mayi
32%
Jamaica4Montego Bay
32%
Estonia3Narva
32%
Kyrgyzstan2Osh
32%
Croatia4Osijek
32%
Hungary5Pécs
32%
Honduras2San Pedro Sula
32%
Cambodia5Siem Reap
32%
Finland4Vantaa
32%
Iceland4Akureyri
29%
Ecuador3Cuenca
29%
Belarus5Hrodna
29%
Bangladesh3Khulna
29%
Costa Rica5Liberia
29%
Latvia3Liepāja
29%
Kosovo2Prizren
29%
Lebanon3Sidon
29%
Chile4Viña del Mar
29%
Albania4Vlorë
29%
Antigua and Barbuda2All Saints
25%
Albania3Elbasan
25%
Andorra3Encamp
25%
Azerbaijan2Ganja
25%
Cuba4Holguín
25%
Angola3Huambo
25%
Democratic Republic of the Congo4Kisangani
25%
Iceland2Kópavogur
25%
Cyprus3Larnaca
25%
Costa Rica2Limon
25%
Guyana2Linden
25%
Angola4Lobito
25%
Botswana5Maun
25%
Cabo Verde2Mindelo
25%
Czech Republic4Pilsen
25%
Gabon2Port-Gentil
25%
Chile2Puente Alto
25%
El Salvador3Santa Ana
25%
Albania5Shkodër
25%
Jamaica2Spanish Town
25%
Ghana3Tamale
25%
Lebanon4Tyre
25%
Costa Rica4Alajuela
21%
Cambodia4Battambang
21%
Central African Republic2Bimbo
21%
Ivory Coast3Bouaké
21%
Ethiopia2Dire Dawa
21%
Armenia2Gyumri
21%
Latvia4Jelgava
21%
Georgia2Kutaisi
21%
Greece5Larissa
21%
Belarus3Mahilyow
21%
Afghanistan3Mazar-i-Sharif
21%
Ethiopia3Mek'ele
21%
Benin5Parakou
21%
Bulgaria5Ruse
21%
Belize2San Ignacio
21%
Kazakhstan3Shymkent
21%
Barbados2Speightstown
21%
Hungary4Szeged
21%
Bosnia and Herzegovina4Tuzla
21%
Belarus4Vitebsk
21%
Bosnia and Herzegovina3Zenica
21%
Israel5Ashdod
18%
Georgia3Batumi
18%
Gambia2Brikama
18%
Comoros3Fomboni
18%
Jordan3Irbid
18%
Guinea5Kankan
18%
Brunei2Kuala Belait
18%
Andorra5la Massana
18%
Dominican Republic4La Romana
18%
Andorra2les Escaldes
18%
Antigua and Barbuda4Liberta
18%
Laos4Luang Prabang
18%
Hungary3Miskolc
18%
Guatemala3Mixco
18%
Kenya5Nakuru
18%
Czech Republic5Olomouc
18%
Belize4Orange Walk
18%
Estonia5Pärnu
18%
Azerbaijan3Sumqayit
18%
Ghana4Takoradi
18%
Grenada4Victoria
18%
Guatemala2Villa Nueva
18%
Federated States of Micronesia1Weno
18%
Jordan2Zarqa
18%
Cameroon5Bamenda
14%
Indonesia5Bekasi
14%
Haiti2Carrefour
14%
Gabon3Franceville
14%
Cameroon3Garoua
14%
Kuwait2Hawalli
14%
Kazakhstan2Karagandy
14%
Iran4Karaj
14%
Honduras4La Ceiba
14%
Ecuador5Machala
14%
Eswatini1Manzini
14%
Chad2Moundou
14%
Guyana3New Amsterdam
14%
Laos2Pakse
14%
Dominica2Portsmouth
14%
Cabo Verde3Santa Maria
14%
Andorra4Sant Julià de Lòria
14%
Gambia1Serekunda
14%
Chad4Abeche
11%
Benin2Abomey-Calavi
11%
Djibouti2'Ali Sabieh
11%
Eritrea4Assab
11%
Guinea-Bissau2Bafatá
11%
Ethiopia5Bahir Dar
11%
Burkina Faso5Banfora
11%
Central African Republic4Berbérati
11%
Honduras3Choloma
11%
Bangladesh5Comilla
11%
Bahamas5Cooper's Town
11%
Haiti3Delmas
11%
Benin3Djougou
11%
Honduras5El Progreso
11%
Cyprus5Famagusta
11%
Guinea-Bissau3Gabú
11%
Barbados5Holetown
11%
Armenia5Hradzan
11%
Latvia5Jūrmala
11%
Estonia4Kohtla-Järve
11%
Azerbaijan4Lankaran
11%
Lesotho2Mafeteng
11%
Central African Republic3Mbaiki
11%
El Salvador5Mejicanos
11%
Botswana3Molepolole
11%
Burkina Faso4Ouahigouya
11%
Haiti4Petionville
11%
Bhutan4Phuntsholing
11%
Antigua and Barbuda3Piggotts
11%
Greece4Piraeus
11%
Jamaica3Portmore
11%
Bangladesh4Rajshahi
11%
Kuwait4Sabah As Salim
11%
Costa Rica3San Francisco
11%
Dominican Republic3San Pedro de Macorís
11%
Chad3Sarh
11%
Laos3Savannakhet
11%
Brunei3Seria
11%
El Salvador2Soyapango
11%
Cyprus4Strovolos
11%
Algeria4Tebessa
11%
Chile5Valparíso
11%
Bahrain2Al Muharraq
7%
Bahrain3Ar Rifa'
7%
Kiribati5Bairiki
7%
Barbados4Bathsheba
7%
Kiribati2Betio
7%
Eswatini3Big Bend
7%
Antigua and Barbuda5Bolands
7%
Algeria2Boumerdas
7%
Guinea1Camayenne
7%
Federated States of Micronesia3Colonia
7%
Cabo Verde4Cova Figueira
7%
Bahrain4Dar Kulayb
7%
Comoros4Domoni
7%
Austria5Donaustadt
7%
Austria4Favoriten
7%
Liberia2Gbarnga
7%
Iceland3Hafnarfjörður
7%
Liberia5Harper
7%
Central African Republic5Kaga Bandoro
7%
Brunei5Kapok
7%
Kyrgyzstan4Karakol
7%
Chad5Kélo
7%
Eritrea2Keren
7%
Guinea4Kindia
7%
Burkina Faso3Koudougou
7%
Cameroon4Kousséri
7%
Fiji4Labasa
7%
Fiji2Lautoka
7%
Bahamas2Lucaya
7%
Bahrain5Madinat Hamad
7%
Kosovo3Mitrovicë
7%
Comoros2Moutsamoudou
7%
Burundi2Muyinga
7%
Fiji3Nadi
7%
Angola2N'dalatando
7%
Burundi5Ngozi
7%
Guinea3Nzérékoré
7%
Djibouti4Obock
7%
Barbados3Oistins
7%
Bhutan5Pemagatshel
7%
Israel4Petah Tiqwa
7%
Bhutan2Punakha
7%
Jordan4Russeifa
7%
Burundi4Ruyigi
7%
Botswana4Selebi-Phikwe
7%
Egypt4Shubra El Kheima
7%
Cambodia3Sihanoukville
7%
Georgia4Sokhumi
7%
Cambodia2Takeo
7%
Kazakhstan4Taraz
7%
Federated States of Micronesia2Tofol
7%
Kyrgyzstan5Tokmok
7%
Comoros5Tsimbeo
7%
Bhutan3Tsirang
7%
Brunei4Tutong
7%
Armenia4Vagharshapat
7%
Armenia3Vanadzor
7%
Bahamas4West End
7%
Azerbaijan5Yevlakh
7%
Ivory Coast2Abobo
4%
Iraq5Abu Ghurayb
4%
Equatorial Guinea4Aconibe
4%
East Timor5Aileu
4%
Kuwait1Al Ahmadi
4%
Kuwait5Al Farwaniyah
4%
Equatorial Guinea5Añisoc
4%
Guyana4Anna Regina
4%
Kuwait3As Salimiyah
4%
Ghana5Atsiaman
4%
Gambia3Bakau
4%
Guyana5Bartica
4%
Dominican Republic5Bella Vista
4%
Liberia4Bensonville
4%
Dominica4Berekua
4%
Kiribati3Bikenibeu
4%
Guinea-Bissau4Bissorã
4%
Guinea-Bissau5Bolama
4%
Ivory Coast4Dalola
4%
Djibouti5Dikhil
4%
Equatorial Guinea3Ebebiyín
4%
Gambia5Farafenni
4%
Denmark5Frederiksberg
4%
Iceland5Gardabær
4%
Kosovo4Gjakovë
4%
Grenada2Gouyave
4%
Grenada3Grenville
4%
Liberia3Kakata
4%
Kenya4Kikuyu
4%
Federated States of Micronesia4Kolonia
4%
Federated States of Micronesia5Kolonia Town
4%
Lesotho3Leribe
4%
East Timor4Likisa
4%
Dominica5Mahaut
4%
East Timor2Maliana
4%
Eswatini4Malkerns
4%
Jamaica5Mandeville
4%
Lesotho4Maputsoe
4%
Dominica3Marigot
4%
Democratic Republic of the Congo5Masina
4%
Eritrea3Massawa
4%
Eritrea5Mendefera
4%
Gabon5Moanda
4%
Lesotho5Mohale's Hoek
4%
Lebanon5Nabatiye et Tahta
4%
Ethiopia4Nazret
4%
Eswatini5Nhlangano
4%
Gabon4Oyem
4%
Kosovo5Pejë
4%
Guatemala4Petapa
4%
Haiti5Port-de-Paix
4%
Kenya3Ruiru
4%
Grenada5Saint David's
4%
Guatemala5San Juan Sacatepequez
4%
Ecuador4Santo Domingo de los Colorados
4%
East Timor3Suai
4%
Djibouti3Tadjourah
4%
Ireland5Tallaght
4%
Kiribati4Teaoraereke
4%
Jordan5Wadi as Sir
4%
Laos5Xam Nua
4%
Georgia5Zugdidi
4%

Score Distribution

Percentile by Number Answered

Percent of People with Each Score

Your Score History

You have not taken this quiz since the last reset